00956nam a2200265Ia 4500001000700000003000500007008004100012010001100053020007200064040000900136082001700145245011100162260006500273300001400338440007300352503002600425504002700451650002100478650003900499650006000538650002500598650001700623700002400640700002600664Z_6880CHAP220113s9999 xx 000 0 und d a170154 a978-0-8138-0473-6 (papel alcalino) \ 0-8138-0473-6 (papel alcalino) cCHAP a636.0893 W45 aThe well-being of farm animals : challenges and solutions /ceditores G. John Benson y Bernard E. Rollin. aAmes, Iowa; Estados Unidos de América :bBlackwell,c  ax, 378 p. aIssues in animal bioethics series / editor de serie Bernad E. Rollin aej.1: C/E \ ej.2: C/E aIncluye bibliografía aBienestar animal aGanadería xx Aspectos sociales aIndustria de animales xx Aspectos morales y éticos. aMedicina veterinaria aSalud animal a Rollin, Bernard E. aBenson, G. John. ed.